Territori esterni australiani - Statistics

Statistiche generali
  • Questo quiz è stato fatto 12 volte
  • Il punteggio medio è 3 su 7
Statistiche sulle risposte
Superficie (km²) Popolazione (ab.) Capitale (o più grande insediamento) Territorio esterno % Corretto
135 1 493 Flying Fish Cove Isola di Natale
86%
35 2 114 Kingston Isola Norfolk
57%
14 628 West Island Isole Cocos
57%
5 896 500 1 000 Stazione Davis Territorio Antartico Australiano
43%
372 0 Atlas Cove Isole Heard e McDonald
29%
199 0 Isolotto West Isole Ashmore e Cartier
14%
10 4 Isola Willis Isole del Mar dei Coralli
14%
Nessun quiz corrispondente trovato
Distribuzione punteggi
Percentuale di utenti per punteggio
Percentile per numero di risposta
I tuoi punteggi nel tempo
Non hai fatto questo quiz